| Tag |
First Indicator |
Second Indicator |
Subfields |
| LEADER |
00000cam a22000001a 4500 |
| 001 |
in00003308024 |
| 006 |
m d f |
| 007 |
cr bn mmmapmmp |
| 008 |
101203s2005 dcu o f000 0 eng d |
| 005 |
20260429181825.3 |
| 035 |
|
|
|a cis2007849862
|
| 040 |
|
|
|a ProQuest
|c ProQuest
|d UtOrBLW
|
| 043 |
|
|
|a n-us---
|
| 099 |
|
|
|a CRS-2005-FDT-1122
|
| 110 |
2 |
|
|a Library of Congress.
|b Congressional Research Service.
|
| 245 |
1 |
0 |
|a Poland :
|b Foreign Policy Trends.
|
| 264 |
|
1 |
|a [Place of publication not identified] :
|b [publisher not identified],
|c 2005.
|
| 300 |
|
|
|a 1 online resource.
|
| 336 |
|
|
|a text
|b txt
|2 rdacontent
|
| 337 |
|
|
|a computer
|b c
|2 rdamedia
|
| 338 |
|
|
|a online resource
|b cr
|2 rdacarrier
|
| 500 |
|
|
|a Record is based on bibliographic data in ProQuest U.S. Congressional Research Digital Collection (last viewed Dec. 2010). Reuse except for individual research requires license from ProQuest, LLC.
|
| 500 |
|
|
|a CRS Report.
|
| 520 |
|
|
|a Reviews Polish foreign policy developments, including role of Poland in NATO and the European Union. Also discusses issues in U.S.-Polish relations related to Polish participation in the U.S.-led invasion of Iraq.
|
| 500 |
|
|
|a Electronic resource.
|
| 650 |
|
0 |
|a International relations.
|
| 650 |
|
0 |
|a Military intelligence.
|
| 651 |
|
0 |
|a Poland.
|
| 655 |
|
7 |
|a Electronic books.
|2 local
|
| 710 |
2 |
|
|a ProQuest (Firm)
|
| 776 |
0 |
8 |
|i Microfiche version:
|a Library of Congress. Congressional Research Service.
|t Poland
|
| 830 |
|
0 |
|a U.S. Congressional Research.
|
| 856 |
4 |
0 |
|u http://proxy.library.tamu.edu/login?url=https://congressional.proquest.com/congcomp/getdoc?CRDC-ID=CRS-2005-FDT-1122
|z Connect to the full text of this electronic book
|t 0
|
| 999 |
|
|
|a MARS
|
| 999 |
f |
f |
|s 48238c63-8a97-3c04-bb39-50eeb4ba52cb
|i 11424352-9a98-3605-a1e4-c2b5d479a2c5
|t 0
|
| 952 |
f |
f |
|a Texas A&M University
|b College Station
|c Electronic Resources
|s www_evans
|d Available Online
|t 0
|e CRS-2005-FDT-1122
|h Other scheme
|
| 998 |
f |
f |
|a CRS-2005-FDT-1122
|t 0
|l Available Online
|